000 00630 a2200217 4500
001 62006
005 20260407155913.0
008 260407a1977 arg spa d
003 AR-UNSa-BCEJYS
040 _aAR-UNSa-BCEJYS
_bspa
_cAR-UNSa-BCEJYS
080 _a349.22:331.106
_xContrato de trabajo
245 1 0 _aRégimen de contrato de trabajo
264 1 _aCórdoba :
_bEdiciones Informe Laboral
_c1977
300 _a793 p.
_c21 cm.
041 _aspa
942 _cBK
590 _aniveau_biblio:m niveau_hierar:0
100 1 _aJuárez Dover, Jorge A.
700 1 _aAltamira Gigena, Raúl Enrique
700 1 _aSappia, Jorge J.
999 _c7537
_d7537